Crise de l'arachide au Sénégal : itinéraire d'un témoin indépendant /
Saved in:
| Main Author: | |
|---|---|
| Format: | Book |
| Language: | French |
| Published: |
Dakar :
L'Harmattan Sénégal,
[2017]
|
| Subjects: | |
| Tags: |
Add Tag
No Tags, Be the first to tag this record!
|
| LEADER | 01483cam a2200397Ii 4500 | ||
|---|---|---|---|
| 001 | 13007174 | ||
| 005 | 20180219161520.0 | ||
| 008 | 170915t20172017sg 000 0afre d | ||
| 020 | |a 9782343125794 |q (paperback) | ||
| 020 | |a 2343125791 |q (paperback) | ||
| 024 | 3 | |a 9782343125794 | |
| 035 | |a (OCoLC)on1002288706 | ||
| 035 | |a (OCoLC)1002288706 | ||
| 035 | |a (NNC)13007174 | ||
| 040 | |a AUXAM |b eng |e rda |c AUXAM |d HLS |d OCLCF |d YUS |d INU |d STF |d NYP | ||
| 043 | |a f-sg--- | ||
| 050 | 4 | |a HD9235.P3 |b B63 2017 | |
| 100 | 1 | |a Bocoum, Ibrahima Samba, |d 1947- |e author. | |
| 245 | 1 | 0 | |a Crise de l'arachide au Sénégal : |b itinéraire d'un témoin indépendant / |c Ibrahima samba Bocoum. |
| 264 | 1 | |a Dakar : |b L'Harmattan Sénégal, |c [2017] | |
| 264 | 4 | |c ©2017 | |
| 300 | |a 333 pages ; |c 24 cm | ||
| 336 | |a text |b txt |2 rdacontent | ||
| 337 | |a unmediated |b n |2 rdamedia | ||
| 338 | |a volume |b nc |2 rdacarrier | ||
| 600 | 1 | 0 | |a Bocoum, Ibrahima Samba, |d 1947- |v Personal narratives. |
| 650 | 0 | |a Peanut industry |z Senegal |x History. | |
| 650 | 0 | |a Peanuts |x Economic aspects |z Senegal |x History. | |
| 650 | 0 | |a Peanuts |x Commerce |z Senegal |x History. | |
| 650 | 0 | |a Agriculturists |z Senegal |v Biography. | |
| 650 | 7 | |a Agriculturists. |2 fast |0 (OCoLC)fst00801822 | |
| 650 | 7 | |a Peanut industry. |2 fast |0 (OCoLC)fst01055988 | |
| 651 | 7 | |a Senegal. |2 fast |0 (OCoLC)fst01204328 | |
| 655 | 7 | |a Biography. |2 fast |0 (OCoLC)fst01423686 | |
| 655 | 7 | |a History. |2 fast |0 (OCoLC)fst01411628 | |
| 852 | 0 | 0 | |b leh |h HD9235.P3 |i B63 2017g |


